Подробности
| 000 -МАРКЕР |
| контрольное поле |
03527nam2a22003611 4500 |
| 001 - ИДЕНТИФИКАТОР ЗАПИСИ |
| контрольное поле |
rc\4074747 |
| 005 - ИДЕНТИФИКАТОР ВЕРСИИ |
| контрольное поле |
20250611081626.0 |
| 021 ## - НОМЕР ГОСУДАРСТВЕННОЙ РЕГИСТРАЦИИ |
| Код страны |
Российская Федерация |
| Номер |
Рг4200-58 |
| 035 ## - ДРУГИЕ СИСТЕМНЫЕ НОМЕРА |
| Идентификатор записи |
(NLR Aleph) 008122055 |
| 100 ## - ДАННЫЕ ОБЩЕЙ ОБРАБОТКИ |
| Данные общей обработки |
20130415d1958 |||y0rusy50 ca |
| 101 0# - ЯЗЫК РЕСУРСА |
| Язык текста, звукозаписи и т.д. |
русский |
| 102 ## - СТРАНА ПУБЛИКАЦИИ ИЛИ ПРОИЗВОДСТВА |
| Страна публикации |
Российская Федерация |
| 105 ## - ПОЛЕ КОДИРОВАННЫХ ДАННЫХ: ТЕКСТОВЫЕ МАТЕРИАЛЫ, МОНОГРАФИЧЕСКИЕ |
| Кодированные данные о монографическом текстовом документе |
y z ||||| |
| 200 1# - ЗАГЛАВИЕ И СВЕДЕНИЯ ОБ ОТВЕТСТВЕННОСТИ |
| Основное заглавие |
[Существует ли сейчас капиталистическое окружение нашей страны |
| 210 ## - ПУБЛИКАЦИЯ, РАСПРОСТРАНЕНИЕ И ДР. |
| Имя издателя, распространителя и т. д. |
Моск. рабочий |
| Дата издания, распространения и т.д. |
1958 |
| Место издания, распространения и т.д. |
Б. м. |
| 215 ## - ФИЗИЧЕСКАЯ ХАРАКТЕРИСТИКА |
| Специфическое обозначение материала и объем |
64 с. |
| 423 #0 - ИЗДАЕТСЯ В ОДНОЙ ОБЛОЖКЕ ВМЕСТЕ С ... |
| Встроенное поле |
1010#$arus |
| -- |
2001#$aКто организует мятежи в Индонезии |
| -- |
700#1$aМаштаченко$bК. |
| Заглавие |
Кто организует мятежи в Индонезии |
| Автор |
Маштаченко, К. |
| 423 #0 - ИЗДАЕТСЯ В ОДНОЙ ОБЛОЖКЕ ВМЕСТЕ С ... |
| Встроенное поле |
1010#$arus |
| -- |
2001#$aКак коммунисты осуществляют власть в индийском штате Керала |
| -- |
700#1$aМанасов$bМ. |
| Заглавие |
Как коммунисты осуществляют власть в индийском штате Керала |
| Автор |
Манасов, М. |
| 423 #0 - ИЗДАЕТСЯ В ОДНОЙ ОБЛОЖКЕ ВМЕСТЕ С ... |
| Встроенное поле |
1010#$arus |
| -- |
2001#$aКакие цели преследуют организаторы Среднеземноморского пакта |
| -- |
700#1$aЕрмолаев$bА. |
| Заглавие |
Какие цели преследуют организаторы Среднеземноморского пакта |
| Автор |
Ермолаев, А. |
| 423 #0 - ИЗДАЕТСЯ В ОДНОЙ ОБЛОЖКЕ ВМЕСТЕ С ... |
| Встроенное поле |
1010#$arus |
| -- |
2001#$aВсе ли целесообразно и совершенно в природе] |
| -- |
700#1$aСтрельцов$bА. |
| Заглавие |
Все ли целесообразно и совершенно в природе] |
| Автор |
Стрельцов, А. |
| 423 #0 - ИЗДАЕТСЯ В ОДНОЙ ОБЛОЖКЕ ВМЕСТЕ С ... |
| Встроенное поле |
1010#$arus |
| -- |
2001#$aЧто такое радиоактивные изотопы |
| -- |
700#1$aХайдаров$bА. |
| Заглавие |
Что такое радиоактивные изотопы |
| Автор |
Хайдаров, А. |
| 423 #0 - ИЗДАЕТСЯ В ОДНОЙ ОБЛОЖКЕ ВМЕСТЕ С ... |
| Встроенное поле |
1010#$arus |
| -- |
2001#$aКогда СССР догонит США по производству стали и электроэнергии |
| -- |
700#1$aСулимов$bК. |
| Заглавие |
Когда СССР догонит США по производству стали и электроэнергии |
| Автор |
Сулимов, К. |
| 423 #0 - ИЗДАЕТСЯ В ОДНОЙ ОБЛОЖКЕ ВМЕСТЕ С ... |
| Встроенное поле |
1010#$arus |
| -- |
2001#$aСохранится ли личная собственность при коммунизме |
| -- |
700#1$aСупонинцкий$bС. |
| Заглавие |
Сохранится ли личная собственность при коммунизме |
| Автор |
Супонинцкий, С. |
| 423 #0 - ИЗДАЕТСЯ В ОДНОЙ ОБЛОЖКЕ ВМЕСТЕ С ... |
| Встроенное поле |
1010#$arus |
| -- |
2001#$aЭкономическое сотрудничество Советского Союза со слаборазвитыми странами |
| -- |
700#1$aКондратьев$bВ. |
| Заглавие |
Экономическое сотрудничество Советского Союза со слаборазвитыми странами |
| Автор |
Кондратьев, В. |
| 423 #0 - ИЗДАЕТСЯ В ОДНОЙ ОБЛОЖКЕ ВМЕСТЕ С ... |
| Встроенное поле |
1010#$arus |
| -- |
2001#$aНаступает ли кризис в экономике США |
| -- |
700#1$aКлимов$bК. |
| Заглавие |
Наступает ли кризис в экономике США |
| Автор |
Климов, К. |
| 461 #0 - УРОВЕНЬ НАБОРА |
| Встроенное поле |
001rc\4074657 |
| -- |
2001#$aОтветы на вопросы трудящихся$eСборник$eВып. 1-$vВып. 91 |
| Системный номер (АБИС) связанной записи |
9369473 |
| Место публикации |
[Москва] |
| Дата публикации |
1950 |
| Имя издателя, распространителя и т.д. |
изд-во и тип. изд-ва "Моск. рабочий" |
| Сведения, относящиеся к заглавию |
Сборник : Вып. 1- |
| Заглавие |
Ответы на вопросы трудящихся |
| Номер тома |
Вып. 91 |
| 700 #1 - ИМЯ ЛИЦА - ПЕРВИЧНАЯ ОТВЕТСТВЕННОСТЬ |
| Начальный элемент ввода |
Утехин |
| Часть имени, кроме начального элемента ввода |
С. |
| 801 #0 - ИСТОЧНИК ЗАПИСИ |
| Страна |
Российская Федерация |
| Организация |
NLR |
| Правила каталогизации |
psbo |
| 801 #1 - ИСТОЧНИК ЗАПИСИ |
| Страна |
Российская Федерация |
| Организация |
ELAR |
| Источник данных |
rusmarc |
| 852 ## - МЕСТОНАХОЖДЕНИЕ И ШИФР ХРАНЕНИЯ |
| Идентификатор организации |
NLR |
| Шифр хранения (Call Number) |
Ип10 Г-4/805 |
| 942 ## - ДОПОЛНИТЕЛЬНЫЕ ЭЛЕМЕНТЫ ЗАПИСИ (АБИС) |
| Тип экземпляра АБИС |
Книга |
| 980 ## - КОЛЛЕКЦИЯ |
| Название коллекции |
Национальная библиография |